000 00675nam a22002297a 4500
003 UA-OsUOA
001 86732
007 ta
008 20120910b un ||||| |||| 00| 0 ukr d
100 _aСтаневич М.
090 _a94(4)"192/199"
_bС76
942 _cBK
040 _aUA-OsUOA
_brus
_cUA-OsUOA
_dUA-OsUOA
245 _aСентябрьская катастрофа
300 _a241 с.
955 _a1
041 _arus
080 _a94(4)"192/199"
260 _aМ.
_bИздательство иностранной литературы
_c1953
650 7 _a9 Географія. Біографії. Історія
_2UDC
999 _c372890
_d372890